Washington Wizards All-Time Roster - Statistics

General Stats
  • This quiz has been taken 395 times
  • The average score is 5 of 12
Answer Stats
Post Player % Correct
BN John Wall
97%
C Wes Unseld
86%
PG Gilbert Arenas
75%
PF Elvin Hayes
73%
SG Earl Monroe
32%
BN Caron Butler
25%
SF Gus Johnson
25%
BN Moses Malone
22%
BN Walt Bellamy
16%
BN Phil Chenier
13%
BN Jeff Ruland
8%
BN Greg Ballard
5%
No matching quizzes found
Score Distribution
Percent of People with Each Score
Percentile by Number Answered
Your Score History
You have not taken this quiz